Flags With Triangles - Statistics

General Stats
  • This quiz has been taken 108 times
  • The average score is 17 of 24
Answer Stats
Picture Answer % Correct
Cuba
88%
Israel
88%
Jamaica
87%
Bosnia and Herzegovina
85%
South Africa
84%
Bahamas
82%
Antigua and Barbuda
81%
Philippines
81%
Czech Republic
78%
Jordan
74%
Comoros
71%
Guyana
71%
Saint Lucia
71%
Zimbabwe
71%
Mozambique
69%
East Timor
68%
Eritrea
65%
Djibouti
63%
Equatorial Guinea
63%
South Sudan
63%
Sudan
63%
Vanuatu
63%
Palestine
59%
São Tomé and Príncipe
56%
No matching quizzes found
Score Distribution
Percent of People with Each Score
Percentile by Number Answered
Your Score History
You have not taken this quiz